000 01626nam a22002297a 4500
005 20260609095054.0
008 260609t2015 |||||||| |||| 00| 0 spa d
040 _aCO-BoUCM
_bspa
_cStefania Borbon
_dStefania Borbon
041 _aspa
100 _aSolé, Joan
_952996
245 _aKierkegaard :
_bel primer existencialista /
_cJoan Solé
260 _aEspaña;
_bBatiscafo,
_c2015
490 _aDescubrir la filosofía
520 _aLa obra ofrece una introducción integral al pensamiento de Søren Kierkegaard, considerado el padre del existencialismo. A través de sus páginas, se despliega un análisis que parte de la biografía intelectual del filósofo danés y su concepto de "dimensión interior", para adentrarse en los núcleos fundamentales de su filosofía: la crítica a la verdad objetiva del sistema hegeliano en favor de una "verdad existencial" subjetiva y apropiada; la descripción del "devenir existencial" del individuo a través de los estadios en el camino de la vida (estético, ético y religioso), con especial atención al "estadio religioso" como culmen de la existencia auténtica; y una reflexión final sobre la significación y la herencia de Kierkegaard en la filosofía contemporánea, la teología y la literatura.
600 _aKierkegaard, Søren
_d1813-1855
_xÉtica
_9189621
600 _aKierkegaard, Søren
_d1813-1855
_xCrítica e interpretación
_9189622
650 4 _aExistencialismo
_915411
650 4 _aFilosofía danesa
_ySiglo XIX
_9189623
650 4 _aCristianismo
_xFilosofía
_9189624
942 _2DEWEY
_a2
_cLIBRO
_e1
_h198.9
_mS685k
999 _c326488
_d326488